000 01366cam a2200361 i 4500
999 _c67290
_d67290
001 18083797
003 ARRUPE
005 20170727105344.0
008 140327s2015 enka b 001 0 eng
010 _a 2014004461
020 _a9780415820912 (hardback : alk. paper)
020 _a9780415820929 (pbk. : alk. paper)
020 _z9781315772035 (e-book)
040 _aDLC
_beng
_cDLC
_erda
_dDLC
042 _apcc
050 0 0 _aB809.2
_b.B69 2015
082 0 0 _a160
_223
100 1 _aBowell, Tracy,
_d1965-
_933659
245 1 0 _aCritical thinking :
_ba concise guide /
_cTracy Bowell and Gary Kemp.
250 _aFourth edition.
300 _ax, 318 pages :
_billustrations ;
_c26 cm
504 _aIncludes bibliographical references and index.
650 0 _aCritical thinking.
_912209
650 0 _aCritical thinking
_xStudy and teaching.
_933660
650 0 _aLanguage and logic.
_913455
650 0 _aReasoning.
_912415
700 1 _aKemp, Gary,
_d1960 October 15-
_915246
906 _a7
_bcbc
_corignew
_d1
_eecip
_f20
_gy-gencatlg
942 _2lcc
_cMONOGRAPH